000 00361nam a2200145Ia 4500
008 230917s9999||||xx |||||||||||||| ||und||
040 _e89512
_aMAIN
041 _aEnglish
082 _a301.426 S23F
100 _aSharma, Rachna
245 0 _aFamily planning: A study of post graduate students perceptions
260 _c1989
300 _a85 p.
942 _cTH
999 _c72297
_d72297